Champions de France de rugby Top 14. (1892 - …) - Statistiques

Statistiques générales
  • Ce quiz a été pris 16 796 fois
    40 depuis la dernière actualisation
  • Le résultat moyen est 21 sur 30
Statistiques - réponses
Titres Vainqueur % Correct
1912 | 1922 | 1923 | 1924 | 1926 | 1927 | 1947 | 1985 | 1986 | 1989 | 1994 | 1995 | 1996 | 1997 | 1999 | 2001 | 2008 | 2011 | 2012 | 2019 |2021 | 2023 | 2024 | 2025 Logo_Stade_Toulousain_Rugby.svg Stade toulousain
100%
1935 | 1939 | 2002 | 2005 | 2006 11971.png Biarritz olympique
97%
1931 | 1987 | 1992 | 2014 22169.png RC Toulon
97%
1893 | 1894 | 1895 | 1897 | 1898 | 1901 | 1903 | 1908 | 1998 | 2000 | 2003 | 2004 | 2007 | 2015 Logo_Stade_français_PR_2018.svg Stade français Paris
97%
1913 | 1934 | 1943 langfr-250px-Logo_Aviron_Bayonnais_Rugby_-_2022.svg.png Aviron bayonnais
97%
2010 | 2017 12656.png ASM Clermont
92%
2022 22170.png Montpellier HR
92%
1969 Logo_Club_athlétique_béglais_années_1980.png CA Bègles
92%
1991 Club_athlétique_Bordeaux_Bègles_Gironde.png CA Bègles-Bordeaux
92%
2016 22275.png Racing 92
89%
1932 | 1933 22279.png Lyon OU
89%
1910 LogoFCLyon.png FC Lyon
89%
1892 | 1900 | 1902 | 1959 | 1990 120px-Logo_Racing_Club_de_France_ann%C3%A9es_1980.png Racing Club de France
89%
1896 Olympique
89%
1949 | 1950 | 1993 | 2013 | 2018 11974.png Castres olympique
87%
1899 | 1904 | 1905 | 1906 | 1907 |1909 | 1911 Logo_Stade_bordelais_rugby_2018.png Stade bordelais UC
87%
1914 | 1921 | 1925 | 1938 | 1944 | 1955 | 2009 Logo_USA_Perpignan_2017.svg USA Perpignan
87%
1928 | 1946 | 1964 22250.png Section paloise
84%
1954 22252.png FC Grenoble
68%
1930 | 1945 | 1962 | 1965 | 1966 | 1976 | 1982 | 1988 20684.png SU Agen
63%
1961 | 1971 | 1972 | 1974 | 1975 l 1977 | 1978 | 1980 | 1981 | 1983 | 1984 22236.png AS Béziers
63%
1936 | 1979 22261.png RC Narbonne
63%
1967 21954.png US Montauban
61%
1963 Stade_Montois_Rugby_Pro.svg Stade montois
58%
1948 | 1952 | 1953 | 1956 | 1957 | 1958 | 1960 | 1968 Logo_FC_Lourdes.svg FC Lourdes
32%
1920 | 1973 Logo_Stado_Tarbes_Pyrénées_Rugby_-_2017.svg Stadoceste tarbais
32%
1970 Logo_La_Voulte_sportif.png La Voulte sportif
16%
1937 CS_Vienne_%28logo%29.svg CS Vienne
16%
1951 US_Carmaux_logo.png US Carmaux
13%
1929 US_Quillan.jpg US Quillan
11%
Aucun quiz correspondant
Distribution des résultats
% des personnes avec chaque résultat
Percentile par nombre de réponses
Votre historique - résultats
Vous n’avez pas pris ce quiz depuis la dernière actualisation